ARRUPE JESUIT UNIVERSITY

CORONAVIRUS -STOP THE SPREAD - CLEAN,DISINFECT,COVER

Rurimi inyoka (Record no. 5005)

MARC details
000 -LEADER
fixed length control field 00526nam a2200217Ia 4500
003 - CONTROL NUMBER IDENTIFIER
control field 0100
008 - FIXED-LENGTH DATA ELEMENTS--GENERAL INFORMATION
fixed length control field 130227s9999 xx 000 0 und d
040 ## - CATALOGING SOURCE
Transcribing agency ARRUPELIB
050 ## - LIBRARY OF CONGRESS CALL NUMBER
Classification number PL8681.9.K8R8 1976
100 ## - MAIN ENTRY--PERSONAL NAME
Personal name Kuimba, Giles
245 ## - TITLE STATEMENT
Title Rurimi inyoka
260 ## - PUBLICATION, DISTRIBUTION, ETC. (IMPRINT)
Place of publication, distribution, etc Harare
260 ## - PUBLICATION, DISTRIBUTION, ETC. (IMPRINT)
Name of publisher, distributor, etc Mambo Press
260 ## - PUBLICATION, DISTRIBUTION, ETC. (IMPRINT)
-- 1976
300 ## - PHYSICAL DESCRIPTION
Extent 170p.
300 ## - PHYSICAL DESCRIPTION
Other physical details 22cm.
650 ## - SUBJECT ADDED ENTRY--TOPICAL TERM
Topical term following geographic name as entry element Race relations- Religious aspects- Reformed Church
650 ## - SUBJECT ADDED ENTRY--TOPICAL TERM
Location of event Reform Church- Doctrines
650 ## - SUBJECT ADDED ENTRY--TOPICAL TERM
Active dates Black theology
942 ## - ADDED ENTRY ELEMENTS (KOHA)
Source of classification or shelving scheme Library of Congress Classification
Koha issues (borrowed), all copies 1
Holdings
Withdrawn status Lost status Source of classification or shelving scheme Damaged status Not for loan Collection code Home library Current library Shelving location Date acquired Total Checkouts Full call number Barcode Date last seen Date last borrowed Copy number Price effective from Koha item type
    Library of Congress Classification     Main Collection ARRUPE LIBRARY ARRUPE LIBRARY   27/02/2013 1 PL8681.9.K8R8 1976 46406142 27/03/2019 15/11/2013 1 27/02/2013 Monograph ( Printed materials)

 

Arrupe Library. PO Box MP320 Mt Pleasant, Harare, Zimbabwe
263 242 745411|librarian@aju.ac.zw